000 01207cad a22001935a 4500
001 E147341
008 090501e20080228xxk 000 0 eng d
035 _a(Sirsi) u147341
041 0 _aeng
245 0 0 _aMark Gallacher and Another v George Wood (expenses)
_bnote
_h[electronic resource]
260 _c2008
520 _aLTS/TC/2007/02 2 February 2008. Concerned a request for expenses and the certification of an skilled witness in relation to an application for the variation or discharge of a title condition which was an ongoing building restriction contained in a Feu Contract of 1933 (see E147340). "Held": the applicants are entitled to three-quarters of their expenses; the employment of junior counsel is sanctioned; however the witnesses for the applicants are not certified as skilled witnesses in relation to these proceedings.
650 2 4 _aMARK GALLACHER AND ANOR V GEORGE WOOD
650 2 4 _aTITLE CONDITIONS (SCOTLAND) ACT 2003 S90
651 4 _aScotland
_y1999-
690 _aPlanning and development
_96259
856 4 0 _uhttps://www.lands-tribunal-scotland.org.uk/decisions/LTS.TC.2007.02.a.html
_zView the decision free of charge at www.lands-tribunal-scotland.org.uk...
942 _n0
999 _c81490
_d81490